00694nam a22002057a 450000500170000000800410001704100080005804400070006608200180007310000190009124500250011026000350013530000490017050000240021950501310024354600250037465000350039970000310043470000230046520140710154116.0131118b1977 ck ||||| |||| 00| 0 fre d afre ack a577.584bA18c1 aAcosta, Carlos10aCavernas de Colombia a[s.l.]bAcosta, Carlos?c1977? a115 p.bdibujos, mapas (manuscritos)c21 cm. aDocumento original  a1ére partie Le pays -- 2 éme partie La geologie -- 3 éme patie La speleologie -- 4 éme partie Inventaire speleologique aescrito en francés17aEcología de cuevaszColombia1 aCabrera-Ortíz, Wenceslao1 aTihay, Jean-Pierre